000 00579nam a22002057a 4500
003 OSt
005 20141020163234.0
008 141009b xxu||||| |||| 00| 0 eng d
020 _a968-18-3324-4
040 _cBMC
082 _a658.11
100 1 _926469
_aIbarra Valdés, David
245 1 4 _aLos primeros pasos al mundo empresarial
_b: una guía para emprendedores
_cDavid Ibarra Valdés
250 _a8ª reimp
260 _aMéxico D.F. [etc.]
_bLimusa
_c1998
300 _a362 p.
_c23 cm
490 _aAdministración
650 2 4 _96296
_aEmprendedores
942 _2ddc
_cBK
999 _c14503
_d14503